[Event "14th 4NCL Congress"]
[Site "Wokefield"]
[Date "2017.07.16"]
[Round "4"]
[Board "17"]
[White "Stewart, Ashley"]
[Black "Foster, Timothy"]
[Result "1-0"]
[WhiteElo "2111"]
[BlackElo "1865"]
[PlyCount "137"]
[EventDate "2017.07.14"]
[EventRounds "5"]
[EventCountry "ENG"]

1. c4 Nf6 2. g3 g6 3. Bg2 Bg7 4. Nc3 O-O 5. Nf3 d6 6. O-O e5 7. d3 Nc6 8. Rb1
a5 9. a3 h6 10. b4 axb4 11. axb4 Be6 12. b5 Ne7 13. Bb2 Qd7 14. Qc2 Bh3 15. Ra1
Bxg2 16. Kxg2 Qe6 17. Ra4 Rxa4 18. Qxa4 e4 19. Nd4 Qe5 20. Nc2 exd3 21. exd3
Qf5 22. Ne3 Qd7 23. Rd1 g5 24. Qa7 Qc8 25. Ne2 Ng6 26. Qa1 Nh5 27. Bxg7 Nxg7
28. Qf6 Qe6 29. Qxe6 fxe6 30. Ra1 b6 31. Ra7 Rf7 32. d4 Nf5 33. Nxf5 exf5 34.
Nc3 Nf8 35. Ra8 Kg7 36. Re8 Rd7 37. Kf3 Kf7 38. Rc8 Ne6 {(=)} 39. Ke3 Rd8 40.
Rxd8 Nxd8 41. Nd5 Ne6 42. f3 h5 43. h3 Kg6 44. g4 fxg4 45. fxg4 hxg4 46. hxg4
Kf7 47. Kd3 Kg7 48. Ke4 Kg6 49. Nb4 Kf6 50. Na6 Kg6 51. Ke3 Kf6 52. d5 Nf4 53.
Nxc7 Ke5 54. Ne6 Nh3 55. Kd3 Nf4+ 56. Ke3 Nh3 57. Kf3 Ng1+ 58. Kf2 Nh3+ 59. Kg2
Nf4+ 60. Nxf4 gxf4 61. Kf3 Kd4 62. Kxf4 Kxc4 63. g5 Kxd5 64. Kf5 Kc5 65. g6
Kxb5 66. g7 Kc5 67. g8=Q b5 68. Qb3 b4 69. Ke4 1-0

[Event "14th 4NCL Congress"]
[Site "Wokefield"]
[Date "2017.07.16"]
[Round "4"]
[Board "18"]
[White "Anderson, Peter W"]
[Black "Sagues, Vincent"]
[Result "1-0"]
[WhiteElo "1907"]
[BlackElo "1883"]
[PlyCount "71"]
[EventDate "2017.07.14"]
[EventRounds "5"]
[EventCountry "ENG"]

1. d4 d5 2. c4 c6 3. Nf3 Nf6 4. Nc3 dxc4 5. a4 Bf5 6. e3 e6 7. Bxc4 Bb4 8. O-O
O-O 9. Qe2 Nbd7 10. e4 Bg6 11. Bd3 Bh5 12. Qe3 a5 13. e5 Nd5 14. Nxd5 cxd5 15.
Ng5 h6 16. Qh3 hxg5 17. Qxh5 g6 18. Qh6 Be7 19. Re1 Rc8 20. Bxg6 fxg6 21. Qxg6+
Kh8 22. Re3 Rf4 23. Qh6+ Kg8 24. Qxe6+ Kg7 25. Rh3 Rh4 26. Rf3 Qe8 27. Qxd5 b6
28. Rf5 Nf8 29. Bxg5 Rd8 {(=)} 30. Qf3 Rhxd4 31. h4 Ne6 32. Bxe7 Qxe7 33. Qg3+
Kh6 34. Rf6+ Kh7 35. Qg6+ Kh8 36. Rxe6 1-0

[Event "14th 4NCL Congress"]
[Site "Wokefield"]
[Date "2017.07.16"]
[Round "4"]
[Board "19"]
[White "Bansal, Rohan"]
[Black "Davies, Peter L"]
[Result "1-0"]
[WhiteElo "1956"]
[BlackElo "1991"]
[PlyCount "85"]
[EventDate "2017.07.14"]
[EventRounds "5"]
[EventCountry "ENG"]

1. d4 Nf6 2. c4 e6 3. Nf3 c5 4. d5 exd5 5. cxd5 d6 6. Nc3 g6 7. Bf4 Bg7 8. h3
a6 9. a4 O-O 10. e3 b6 11. Nd2 Nh5 12. Bh2 f5 13. Be2 Nf6 14. Nc4 Ne8 15. Qb3
Nd7 16. Nxd6 Kh8 17. Nc4 Bb7 18. O-O Nef6 19. Nd6 Bc8 20. Bf3 Ra7 21. Ne2 Ne8
22. Nc4 Bf6 23. Nf4 Ng7 24. Ne6 Qe8 25. Nxf8 Qxf8 26. Rfd1 Ne8 27. Nxb6 Nxb6
28. Qxb6 Rd7 29. d6 Qg7 30. Bc6 Bd8 31. Qxc5 Nf6 32. Bxd7 Bxd7 33. Be5 h6 34.
b4 Kh7 35. b5 axb5 36. axb5 Ne4 37. Bxg7 Nxc5 38. Bd4 Bb6 39. Rac1 Na4 40. Bxb6
Nxb6 41. Rc7 Kg7 42. Rb7 Nd5 43. Rxd7+ 1-0

[Event "14th 4NCL Congress"]
[Site "Wokefield"]
[Date "2017.07.16"]
[Round "4"]
[Board "20"]
[White "Savage, Nicholas W"]
[Black "Isaksen, Peter A"]
[Result "1/2-1/2"]
[WhiteElo "2017"]
[BlackElo "1678"]
[PlyCount "83"]
[EventDate "2017.07.14"]
[EventRounds "5"]
[EventCountry "ENG"]

1. d4 Nf6 2. c4 e6 3. Nf3 b6 4. a3 Bb7 5. Nc3 Be7 6. d5 exd5 7. cxd5 d6 8. e4
O-O 9. Be2 Nbd7 10. O-O Nc5 11. Qc2 a5 12. b3 Nfd7 13. Be3 Bf6 14. Nd4 Re8 15.
b4 axb4 16. axb4 Na6 17. Ra4 Qc8 18. Bb5 Bxd4 19. Bxd4 Re7 20. Qb2 Ndb8 21.
Rfa1 f6 22. Qa3 f5 23. Bxa6 Rxa6 24. Rxa6 Nxa6 25. f3 fxe4 26. fxe4 Qg4 27. b5
Nc5 28. Bxc5 bxc5 29. Qc1 Rf7 30. Ra7 Bc8 31. Ra8 Rf8 32. Ra7 Rf7 33. Qe3 Qg6
34. Ra8 {(=)} Rf8 35. h3 Qf6 36. Ra7 Qe7 37. b6 Qf6 38. b7 Bxh3 {(=)} 39. Qxh3
Qf1+ 40. Kh2 Qf4+ 41. Qg3 Qh6+ 42. Qh3 1/2-1/2

[Event "14th 4NCL Congress"]
[Site "Wokefield"]
[Date "2017.07.16"]
[Round "4"]
[Board "21"]
[White "Simpson, Derek"]
[Black "Herring, Sam Ac"]
[Result "1/2-1/2"]
[WhiteElo "1652"]
[BlackElo "1907"]
[PlyCount "101"]
[EventDate "2017.07.14"]
[EventRounds "5"]
[EventCountry "ENG"]

1. d4 d5 2. Nf3 Nf6 3. e3 e6 4. Bd3 c5 5. c3 Nc6 6. Nbd2 cxd4 7. exd4 Be7 8.
O-O O-O 9. Ne5 Nxe5 10. dxe5 Nd7 11. Nf3 f6 12. exf6 Nxf6 13. Qe2 Bd6 14. Bg5
Qc7 15. Rae1 h6 16. Bh4 Nh5 17. Bg3 Nf4 18. Bxf4 Bxf4 19. g3 Bd6 20. Ne5 Rf6
21. f4 Bd7 22. Ng4 Rff8 23. Ne5 Bxe5 24. Qxe5 Qxe5 25. Rxe5 Rae8 26. Bg6 Re7
27. Rfe1 Rf6 28. Bh5 Kf8 29. Bf3 Bc6 30. Bg4 Kf7 31. Bh3 b5 32. Bg2 a5 33. b3
Rf5 34. R5e2 g5 35. Bh3 Rf6 36. fxg5 hxg5 37. Re5 b4 38. cxb4 axb4 39. Rc1 Bb5
40. Rce1 Bd3 41. Bg2 Ra7 42. Bh3 Bf5 43. Bxf5 Rxf5 44. Rxe6 Rxa2 45. Re7+ Kf8
46. Re8+ Kf7 47. g4 Rf4 48. R1e7+ Kf6 49. Re6+ Kf7 50. R6e7+ Kf6 51. Re6+
 1/2-1/2

[Event "14th 4NCL Congress"]
[Site "Wokefield"]
[Date "2017.07.16"]
[Round "5"]
[Board "1"]
[White "Adair, James R"]
[Black "Sreeves, Clement"]
[Result "1/2-1/2"]
[WhiteElo "2478"]
[BlackElo "2391"]
[PlyCount "77"]
[EventDate "2017.07.14"]
[EventRounds "5"]
[EventCountry "ENG"]

1. e4 e5 2. Nf3 Nc6 3. Bb5 a6 4. Ba4 Nf6 5. O-O Be7 6. Re1 b5 7. Bb3 d6 8. c3
O-O 9. h3 Na5 10. Bc2 c5 11. d4 Qc7 12. Nbd2 Bd7 13. Nf1 Nc4 14. b3 Nb6 15. Bg5
c4 16. Ng3 Rfe8 17. Nh4 h6 18. Bd2 d5 19. dxe5 Nxe4 20. Nxe4 dxe4 21. Qh5 Bxh4
22. Qxh4 Bc6 23. Re3 Qd8 24. Qxd8 Raxd8 25. Re2 Rxe5 26. Be3 Nd5 27. Bd4 {(=)}
Nf4 28. Bxe5 Nxe2+ 29. Kf1 Rd2 30. Bd1 f6 31. Bxe2 fxe5 32. bxc4 e3 33. cxb5
Bxb5 34. Bxb5 Rxf2+ 35. Kg1 axb5 36. Re1 Rxa2 37. Rxe3 Rc2 38. Rxe5 Rxc3 39.
Rxb5 1/2-1/2

[Event "14th 4NCL Congress"]
[Site "Wokefield"]
[Date "2017.07.16"]
[Round "5.2"]
[White "Head, Louise"]
[Black "Merriman, John"]
[Result "0-1"]
[WhiteElo "2012"]
[BlackElo "2221"]
[PlyCount "110"]
[EventDate "2017.07.14"]
[EventRounds "5"]
[EventCountry "ENG"]

1. d4 e6 2. c4 Nf6 3. Nf3 d5 4. Nc3 Be7 5. Qc2 O-O 6. Bg5 Nbd7 7. cxd5 exd5 8.
e3 h6 9. Bh4 c6 10. Bd3 Re8 11. O-O Ne4 12. Bxe7 Qxe7 13. Rab1 a5 14. Bxe4 dxe4
15. Nd2 Nf6 16. a3 h5 17. b4 h4 18. h3 Nd5 19. Nxd5 cxd5 20. Qc5 Qg5 21. Kh2
axb4 22. Rxb4 Re6 23. Rb6 Rxb6 24. Qxb6 Ra6 25. Qc5 Rc6 26. Qb5 Rg6 27. Rg1 Kh7
28. Nb1 Qf5 29. Qe2 Bd7 30. Nc3 Rg5 31. Rb1 Qg6 32. Qf1 Qd6+ 33. Kh1 Bc6 34.
Rb4 f5 35. Nb5 Qf6 36. Qc1 Rg6 37. Na7 Qg5 38. Qf1 f4 39. Nxc6 bxc6 40. exf4
Qxf4 41. Rb2 Rg3 42. Ra2 Rc3 43. Ra1 Qd2 44. a4 Qxd4 45. a5 Rc2 46. f3 exf3 47.
gxf3 Qd2 48. Qg1 Qe2 49. Ra3 Rd2 50. Re3 Qd1 51. Ra3 Qc2 52. a6 Rd1 53. Ra1
Rxg1+ 54. Kxg1 Qb2 55. Ra4 Qc1+ 0-1

[Event "14th 4NCL Congress"]
[Site "Wokefield"]
[Date "2017.07.16"]
[Round "5"]
[Board "3"]
[White "Golding, Alex"]
[Black "Merry, Alan B"]
[Result "0-1"]
[WhiteElo "2237"]
[BlackElo "2427"]
[PlyCount "84"]
[EventDate "2017.07.14"]
[EventRounds "5"]
[EventCountry "ENG"]

1. Nf3 Nf6 2. c4 g6 3. d4 Bg7 4. Nc3 O-O 5. e4 d6 6. Be2 Nbd7 7. O-O e5 8. Be3
Re8 9. d5 Ng4 10. Bg5 f6 11. Bd2 Nh6 12. Qc1 Nf7 13. Qc2 c5 14. Ne1 Nf8 15. a3
b6 16. Nd3 f5 17. b4 f4 18. bxc5 bxc5 19. Qa4 a6 20. Rab1 Ra7 21. Qd1 Nd7 22.
Bg4 Ng5 23. f3 h5 24. Bxd7 Rxd7 25. Na4 Rf7 26. Nb6 Bb7 27. Na4 Nh7 28. Rb6 g5
29. Qb3 Bc8 30. Rb8 g4 31. Qb6 Qh4 32. Rxc8 Rxc8 33. Qxa6 Rd8 34. Ba5 Rdd7 35.
Qc8+ Bf8 36. fxg4 hxg4 37. Naxc5 dxc5 38. Nxe5 Ra7 39. Nxf7 Rxf7 40. e5 Ng5 41.
e6 Rh7 42. h3 Nxh3+ 0-1

[Event "14th 4NCL Congress"]
[Site "Wokefield"]
[Date "2017.07.16"]
[Round "5"]
[Board "4"]
[White "Kalavannan, Koby"]
[Black "Wadsworth, Matthew J"]
[Result "1/2-1/2"]
[WhiteElo "2154"]
[BlackElo "2298"]
[PlyCount "111"]
[EventDate "2017.07.14"]
[EventRounds "5"]
[EventCountry "ENG"]

1. d4 d5 2. c4 c6 3. Nf3 Nf6 4. Nbd2 Bf5 5. Nh4 Be6 6. e3 g6 7. b3 Bg7 8. Bb2
O-O 9. Bd3 a5 10. O-O a4 11. Qe2 Nbd7 12. Nhf3 h6 13. Rfd1 axb3 14. axb3 Qb6
15. c5 {(=)} Qc7 16. b4 Bf5 17. Bxf5 gxf5 18. Nh4 e6 19. f4 b6 20. Nhf3 bxc5
21. bxc5 Qb7 22. Bc3 Rxa1 23. Rxa1 Ra8 24. Qe1 Rxa1 25. Qxa1 Qb5 26. Qf1 Qa4
27. Qc1 Ng4 28. Nf1 Qc4 29. Ne5 Ngxe5 30. fxe5 f6 31. exf6 Bxf6 32. Bd2 Qxc1
33. Bxc1 e5 34. Ng3 exd4 35. exd4 Bxd4+ 36. Kf1 Bxc5 37. Bxh6 Bd6 38. Nxf5 Bxh2
39. g3 Kf7 40. Bf4 c5 41. Kg2 Ke6 42. Ng7+ Kf7 43. Nf5 Bxg3 44. Nxg3 Ke6 45.
Kf3 d4 46. Bd2 Kd5 47. Ke2 c4 48. Bb4 Ne5 49. Kd2 Nc6 50. Bc3 dxc3+ 51. Kxc3
Nd4 52. Ne4 Ne2+ 53. Kb4 Kd4 54. Nd6 c3 55. Nb5+ Kd3 56. Nxc3 1/2-1/2

[Event "14th 4NCL Congress"]
[Site "Wokefield"]
[Date "2017.07.16"]
[Round "5"]
[Board "5"]
[White "Golding, James"]
[Black "Claridge-Hansen, William"]
[Result "0-1"]
[WhiteElo "1963"]
[BlackElo "2267"]
[PlyCount "114"]
[EventDate "2017.07.14"]
[EventRounds "5"]
[EventCountry "ENG"]

1. d4 Nf6 2. c4 e6 3. Nf3 b6 4. e3 Bb7 5. Bd3 d5 6. O-O Bd6 7. Nc3 O-O 8. b3 a6
9. Bb2 Nbd7 10. Rc1 Ne4 11. Qc2 f5 12. Ne2 Qe7 13. Ne5 Bxe5 14. dxe5 Ndc5 15.
Ba3 Qf7 16. Bxe4 dxe4 17. Bxc5 bxc5 18. Nc3 Bc6 19. Na4 Qe7 20. Qc3 a5 21. Qc2
g5 22. Nc3 Qg7 23. Na4 Qxe5 24. Qc3 Qxc3 25. Rxc3 Bxa4 26. bxa4 Rab8 27. Rd1
Rfd8 28. Rxd8+ Rxd8 29. g3 Rd2 30. a3 Rb2 31. Kf1 Kf7 32. Kg2 c6 33. Kf1 Kf6
34. Kg2 e5 35. Kg1 f4 36. g4 f3 37. h3 Ke7 38. Rc1 Rb3 39. Ra1 Kd7 40. Kh2 Rc3
41. Rb1 Kc7 42. Kg3 Rxc4 43. Rh1 Rxa4 44. h4 h6 45. hxg5 hxg5 46. Rh5 c4 47.
Rxg5 c3 48. Rh5 c2 49. Rh1 Rxa3 50. g5 Rd3 51. Rc1 Rd2 52. g6 Rd1 53. Rxc2 Rg1+
54. Kh3 Rxg6 55. Rc5 Kd6 56. Rxa5 Rg2 57. Ra2 c5 0-1

[Event "14th 4NCL Congress"]
[Site "Wokefield"]
[Date "2017.07.16"]
[Round "5"]
[Board "6"]
[White "Murphy, Conor E"]
[Black "Richmond, Jane"]
[Result "1-0"]
[WhiteElo "2154"]
[BlackElo "2125"]
[PlyCount "65"]
[EventDate "2017.07.14"]
[EventRounds "5"]
[EventCountry "ENG"]

1. Nf3 Nf6 2. g3 e6 3. c4 d5 4. Bg2 Be7 5. O-O O-O 6. b3 c5 7. Bb2 Nc6 8. e3 a6
9. cxd5 exd5 10. d4 Ne4 11. Nc3 Bg4 12. Ne2 Qa5 13. Re1 Rfd8 14. dxc5 Bxc5 15.
a3 Qc7 16. b4 Ba7 17. Rc1 Qe7 18. Ned4 Rac8 19. Qd3 Qf6 20. Nxc6 Qxb2 21. Rc2
Qxc2 22. Qxc2 Rxc6 23. Qb2 Rf6 24. Qe5 Bxf3 25. Bxf3 Rxf3 26. Rd1 Nxf2 27. Rxd5
Rf8 28. Qe7 h5 29. Rxh5 Bxe3 30. Kg2 Rf6 31. Qxe3 Rc8 32. Qd4 Re8 33. Qh4 1-0

[Event "14th 4NCL Congress"]
[Site "Wokefield"]
[Date "2017.07.16"]
[Round "5"]
[Board "7"]
[White "Hand, Freddie"]
[Black "Grieve, Harry"]
[Result "1-0"]
[WhiteElo "2138"]
[BlackElo "2076"]
[PlyCount "125"]
[EventDate "2017.07.14"]
[EventRounds "5"]
[EventCountry "ENG"]

1. d4 Nf6 2. c4 e6 3. Nc3 Bb4 4. e3 O-O 5. Nge2 c6 6. a3 Ba5 7. Qc2 d5 8. Ng3
Nbd7 9. Be2 dxc4 10. Bxc4 e5 11. O-O exd4 12. exd4 Bc7 13. Ba2 Nb6 14. Nce2
Nbd5 15. Bg5 Be6 16. Rad1 h6 17. Bd2 Qd6 18. Bb1 Rfe8 19. Rfe1 a5 20. Nc3 Ne7
21. Nce2 Ng6 22. Qc3 Nd5 23. Qf3 Re7 24. Nc3 Nf6 25. Nce4 Nxe4 26. Bxe4 Rae8
27. Qh5 Bb3 28. Rc1 Nf4 29. Qf3 Bd5 30. Nf5 Qf6 31. Nxe7+ Rxe7 32. Bxd5 Rxe1+
33. Rxe1 Nxd5 34. Qxf6 Nxf6 35. Re7 Nd5 36. Re8+ Kh7 37. Ra8 b6 38. Re8 Kg6 39.
Re1 Bd6 40. f3 Kf5 41. Kf2 h5 42. g3 g5 43. Rc1 Ne7 44. Re1 Nd5 45. Re8 g4 46.
Rh8 Nf6 47. Rc8 c5 48. dxc5 Bxc5+ 49. Be3 gxf3 50. Bxc5 Ne4+ 51. Kxf3 Nxc5 52.
Rh8 Kg5 53. Rb8 Nd7 54. Rb7 Ne5+ 55. Ke4 Nc4 56. Kd4 Nxb2 57. Rxb6 Na4 58. Rb5+
Kg4 59. Kc4 Kh3 60. Kb3 Nb6 61. Rxb6 Kxh2 62. Rh6 Kxg3 63. Rxh5 1-0

[Event "14th 4NCL Congress"]
[Site "Wokefield"]
[Date "2017.07.16"]
[Round "5"]
[Board "8"]
[White "Price, Gwilym T"]
[Black "Crockart, Scott A"]
[Result "1-0"]
[WhiteElo "1776"]
[BlackElo "2133"]
[PlyCount "67"]
[EventDate "2017.07.14"]
[EventRounds "5"]
[EventCountry "ENG"]

1. e4 e5 2. Nc3 Nf6 3. Bc4 Nxe4 4. Qh5 Nd6 5. Bb3 c6 6. Ne4 Qe7 7. Nxd6+ Qxd6
8. Qxf7+ Kd8 9. Nf3 Be7 10. Qxg7 Qf6 11. Qxf6 Bxf6 12. d3 d5 13. Bg5 Ke7 14.
Bxf6+ Kxf6 15. O-O Rg8 16. Rfe1 Bh3 17. g3 Nd7 18. d4 e4 19. Nd2 h5 20. Nxe4+
dxe4 21. Bxg8 Rxg8 22. Rxe4 Bf5 23. Re2 h4 24. Rae1 Rg7 25. Kg2 Nb6 26. c3 Nd5
27. Re8 h3+ 28. Kh1 Bg4 29. Kg1 Rf7 30. f4 Nc7 31. R8e5 Be6 32. a3 Bd5 33. Rh5
Bg2 34. Ree5 1-0

[Event "14th 4NCL Congress"]
[Site "Wokefield"]
[Date "2017.07.16"]
[Round "5"]
[Board "9"]
[White "Kapoor, Gurveen"]
[Black "Goater, Kevin P"]
[Result "0-1"]
[WhiteElo "1715"]
[BlackElo "2128"]
[PlyCount "112"]
[EventDate "2017.07.14"]
[EventRounds "5"]
[EventCountry "ENG"]

1. f4 Nf6 2. Nf3 d6 3. e3 g6 4. b4 Bg7 5. Bb2 a6 6. Be2 Nc6 7. a3 e5 8. b5 axb5
9. fxe5 Nxe5 10. Nxe5 dxe5 11. Bxe5 Qd5 12. d4 Qxg2 13. Bf3 Qh3 14. Rf1 O-O 15.
Qe2 c6 16. Bxc6 bxc6 17. Bxf6 Bg4 18. Qd3 Bxf6 19. Rxf6 Qxh2 20. Nd2 Qg3+ 21.
Rf2 f5 22. Qb3+ Rf7 23. Ne4 Qg1+ 24. Rf1 Qg2 25. Nf6+ Kg7 26. Nxg4 Qxg4 27. Qc3
Qh4+ 28. Kd2 Qf6 29. Qc5 Ra4 30. Rf4 Rb7 31. Rg1 Kh8 32. c3 Rc4 33. Qe5 Qxe5
34. dxe5 Rc5 35. e4 Rd7+ 36. Kc2 Rxe5 37. exf5 Rf7 38. a4 bxa4 39. Rxa4 Rexf5
40. Ra6 c5 41. Rc6 Kg7 42. Rg4 Re7 43. Rc4 h5 44. R4xc5 Rxc5 45. Rxc5 h4 46.
Ra5 h3 47. Kd2 Kh6 48. c4 g5 49. c5 g4 50. c6 g3 51. Ra3 h2 52. Ra6 Kg5 53. c7
Rxc7 54. Ra5+ Kg4 55. Ra4+ Kh3 56. Ra1 Kg2 0-1

[Event "14th 4NCL Congress"]
[Site "Wokefield"]
[Date "2017.07.16"]
[Round "5"]
[Board "10"]
[White "Nelson, Omowale A"]
[Black "Stewart, Ashley"]
[Result "0-1"]
[WhiteElo "2040"]
[BlackElo "2111"]
[PlyCount "96"]
[EventDate "2017.07.14"]
[EventRounds "5"]
[EventCountry "ENG"]

1. d4 Nf6 2. c4 g6 3. Nc3 Bg7 4. e4 d6 5. h3 O-O 6. Be3 e5 7. d5 Na6 8. Nf3 Nh5
9. g3 f5 10. exf5 gxf5 11. Ng5 Nf6 12. f4 Re8 13. Be2 Qe7 14. O-O Nc5 15. Qc2
h6 16. Nf3 exf4 17. Bxf4 Nh5 18. Rae1 Nxf4 19. gxf4 Bd7 20. Bd1 Qf6 21. Kh2 Ne4
22. Nxe4 fxe4 23. Rxe4 Rxe4 24. Qxe4 Re8 25. Qd3 Bf5 26. Qd2 Qxb2 27. Qxb2 Bxb2
28. Rf2 Bf6 29. Bc2 Bd7 30. Kg3 Re3 31. Bb3 b6 32. Bd1 Rc3 33. Rc2 Ra3 34. Rd2
a5 35. Kg2 Kf7 36. Be2 Bf5 37. Bd1 Rc3 38. Be2 a4 39. h4 a3 40. h5 Rc1 41. Kf2
Ra1 42. Bd1 Bc3 43. Bc2 Bxd2 44. Bxf5 Rxa2 45. Be6+ Kf6 46. Kg3 Bxf4+ 47. Kxf4
Rf2 48. Ke3 Rxf3+ 0-1

[Event "14th 4NCL Congress"]
[Site "Wokefield"]
[Date "2017.07.16"]
[Round "5"]
[Board "11"]
[White "Martin, Lewis"]
[Black "Verma, Aditya"]
[Result "0-1"]
[WhiteElo "2089"]
[BlackElo "2057"]
[PlyCount "54"]
[EventDate "2017.07.14"]
[EventRounds "5"]
[EventCountry "ENG"]

1. e4 c5 2. Nf3 d6 3. d4 cxd4 4. Nxd4 Nf6 5. Nc3 g6 6. g3 Bg7 7. Bg2 Nbd7 8.
O-O O-O 9. h3 a6 10. Be3 Qc7 11. f4 Nb6 12. Qc1 Bd7 13. Kh2 Rac8 14. Nd1 Nc4
15. Bg1 e5 16. Ne2 exf4 17. Nxf4 Rfe8 18. Re1 d5 19. Nc3 dxe4 20. Nxe4 Nxe4 21.
Bxe4 Bxb2 22. Qd1 Bg7 23. Bd4 Bc6 24. Bxg7 Kxg7 25. Qd4+ Qe5 26. Ne6+ Rxe6 27.
Qxc4 Qf6 0-1

[Event "14th 4NCL Congress"]
[Site "Wokefield"]
[Date "2017.07.16"]
[Round "5"]
[Board "12"]
[White "Stoyanov, Viktor"]
[Black "Varnam, Liam D"]
[Result "1/2-1/2"]
[WhiteElo "1919"]
[BlackElo "2088"]
[PlyCount "139"]
[EventDate "2017.07.14"]
[EventRounds "5"]
[EventCountry "ENG"]

1. d4 Nf6 2. Bf4 d5 3. e3 c5 4. c3 Nc6 5. Nd2 e6 6. Ngf3 Bd6 7. Bg3 O-O 8. Bd3
Re8 9. Ne5 Qc7 10. Ndf3 Ne4 11. Nxc6 bxc6 12. Bxd6 Qxd6 13. O-O f6 14. Qc2 f5
15. Ne5 Nf6 16. Rac1 c4 17. Be2 Nd7 18. Nxd7 Bxd7 19. b3 cxb3 20. axb3 c5 21.
Qa2 Qb6 22. dxc5 Qxc5 23. c4 dxc4 24. Rxc4 Qb6 25. Bf3 Bb5 26. Rb4 a5 27. Rxb5
Qxb5 28. Bxa8 Rxa8 29. h3 Rd8 30. Ra1 Rd5 31. Qa3 Kf7 32. Rc1 Qd7 33. Qa1 Rd3
34. Kh2 Qd6+ 35. g3 Rd2 36. Kg1 Kg6 37. h4 h5 38. Qxa5 Rd1+ 39. Rxd1 Qxd1+ 40.
Kh2 Qc2 41. Kg2 Qxb3 42. Qd8 Qb7+ 43. Kf1 Kh7 44. Qe8 Qd5 45. Qxh5+ Kg8 46.
Qe8+ Kh7 47. h5 Qd1+ 48. Kg2 Qg4 49. Qf7 e5 50. f3 Qg5 51. Kf2 e4 52. fxe4 fxe4
53. Qf4 Qxh5 54. Qxe4+ Kg8 55. Qc4+ Kf8 56. Kg2 Qa5 57. Qf4+ Kg8 58. e4 Qa2+
59. Kh3 Qe2 60. Qf5 Qe3 61. e5 Qc5 62. Qe4 Kf7 63. e6+ Ke7 64. Qg6 Qe5 65. Kh4
Qf6+ 66. Kh5 Kxe6 67. Qe4+ Kf7 68. Qf4 Qxf4 69. gxf4 Kf6 70. Kg4 1/2-1/2

[Event "14th 4NCL Congress"]
[Site "Wokefield"]
[Date "2017.07.16"]
[Round "5"]
[Board "13"]
[White "Seymour, Timothy P"]
[Black "Bansal, Rohan"]
[Result "0-1"]
[WhiteElo "2073"]
[BlackElo "1956"]
[PlyCount "68"]
[EventDate "2017.07.14"]
[EventRounds "5"]
[EventCountry "ENG"]

1. c4 Nf6 2. g3 e6 3. Bg2 d5 4. Nf3 Be7 5. O-O O-O 6. d4 dxc4 7. Ne5 Nbd7 8.
Nxc4 Nb6 9. Ne5 c6 10. Nc3 Bd7 11. b3 Rc8 12. Bb2 Qc7 13. Rc1 Qb8 14. Nd3 Rfd8
15. e3 Be8 16. Qe2 Nbd5 17. a3 Nxc3 18. Rxc3 Nd5 19. Rc2 Bf6 20. f4 Ne7 21. Be4
g6 22. Kg2 Bg7 23. Nc5 b6 24. Nd3 c5 25. dxc5 Bxb2 26. Rxb2 bxc5 27. Rc1 Bb5
28. Qc2 f5 29. Nxc5 fxe4 30. a4 Bd3 31. Qc3 Nd5 32. Qe1 Qd6 33. Nb7 Qa3 34.
Nxd8 Qxb2+ 0-1

[Event "14th 4NCL Congress"]
[Site "Wokefield"]
[Date "2017.07.16"]
[Round "5"]
[Board "14"]
[White "Bourne, Johnathan D"]
[Black "Anderson, Peter W"]
[Result "0-1"]
[WhiteElo "1937"]
[BlackElo "1907"]
[PlyCount "48"]
[EventDate "2017.07.14"]
[EventRounds "5"]
[EventCountry "ENG"]

1. e4 g6 2. d4 Bg7 3. Nc3 d6 4. f4 a6 5. a4 Nc6 6. Be3 Nf6 7. Nf3 O-O 8. h3 e5
9. d5 exf4 10. Bxf4 Nh5 11. Bg5 f6 12. dxc6 fxg5 13. Qd5+ Kh8 14. cxb7 Bxb7 15.
Qxb7 Rb8 16. Qxa6 Rxb2 17. Nd5 Rxc2 18. Rb1 Ng3 19. Qd3 Rc5 20. Rg1 Nxe4 21.
Be2 Re8 22. Rf1 c6 23. Ne3 Rc3 24. Nxg5 Nxg5 0-1

[Event "14th 4NCL Congress"]
[Site "Wokefield"]
[Date "2017.07.16"]
[Round "5"]
[Board "15"]
[White "Hilton, Tim"]
[Black "French, Max"]
[Result "1/2-1/2"]
[WhiteElo "1848"]
[BlackElo "1970"]
[PlyCount "92"]
[EventDate "2017.07.14"]
[EventRounds "5"]
[EventCountry "ENG"]

1. c4 Nf6 2. g3 e6 3. Bg2 d5 4. Nf3 Be7 5. O-O O-O 6. d4 dxc4 7. Qc2 a6 8. a4
Bd7 9. Qxc4 Bc6 10. Qc2 Be4 11. Qd2 c5 12. dxc5 Bxc5 13. Nc3 Bc6 14. Qxd8 Rxd8
15. Bg5 Be7 16. Rfd1 Nbd7 17. Bf4 Nc5 18. Nd4 Bxg2 19. Kxg2 Nd5 20. Nxd5 Rxd5
21. Nf3 Rad8 22. Rxd5 Rxd5 23. b4 Nd7 24. e4 Rd3 25. b5 a5 26. Ne5 Nxe5 27.
Bxe5 b6 28. Bf4 Bc5 29. Ra2 Kf8 30. Rd2 Rxd2 31. Bxd2 Ke7 32. Kf3 Kd6 33. Bc3
e5 34. Ke2 f6 35. f3 Bg1 36. h3 Kc5 37. Kd3 Bf2 38. g4 g5 39. Bd2 Bd4 40. Be1
Ba1 41. Bd2 Bb2 42. Be1 Bd4 43. Bd2 Bf2 44. Bc3 Bd4 45. Bd2 Bb2 46. Be1 Ba1
 1/2-1/2

[Event "14th 4NCL Congress"]
[Site "Wokefield"]
[Date "2017.07.16"]
[Round "5"]
[Board "16"]
[White "Anilkumar, Anantha P (jnr)"]
[Black "Mulay, Partha"]
[Result "0-1"]
[WhiteElo "1932"]
[BlackElo "1815"]
[PlyCount "64"]
[EventDate "2017.07.14"]
[EventRounds "5"]
[EventCountry "ENG"]

1. d4 Nf6 2. c4 g6 3. Nc3 Bg7 4. e4 d6 5. Nge2 O-O 6. Ng3 e5 7. d5 Na6 8. Be2
Bd7 9. h4 h5 10. Bg5 Qe8 11. Qd2 Nh7 12. Bh6 Qe7 13. Bxg7 Kxg7 14. O-O-O Nc5
15. Rdg1 Kh8 16. Nf1 f5 17. exf5 Bxf5 18. g4 hxg4 19. h5 g5 20. Ne3 Be4 21. Rh2
Rf4 22. b4 Nd7 23. Nxe4 Rxe4 24. Bxg4 a5 25. b5 Rf8 26. Rhg2 Nc5 27. Bf5 Rxf5
28. Nxf5 Rxc4+ 29. Kb1 Qf6 30. Ne3 Rb4+ 31. Kc1 e4 32. Nc2 Nd3+ 0-1

[Event "14th 4NCL Congress"]
[Site "Wokefield"]
[Date "2017.07.16"]
[Round "5"]
[Board "17"]
[White "Foster, Timothy"]
[Black "Savage, Nicholas W"]
[Result "1/2-1/2"]
[WhiteElo "1865"]
[BlackElo "2017"]
[PlyCount "65"]
[EventDate "2017.07.14"]
[EventRounds "5"]
[EventCountry "ENG"]

1. Nf3 Nf6 2. g3 g6 3. Bg2 Bg7 4. c4 d5 5. b3 d4 6. d3 c5 7. O-O Nc6 8. Nbd2
O-O 9. a3 a5 10. Rb1 Qc7 11. Ne1 e5 12. Nc2 Re8 13. b4 axb4 14. axb4 cxb4 15.
Nxb4 Nxb4 16. Rxb4 Nd7 17. Ra4 Ra6 18. Rxa6 bxa6 19. Qa4 Bb7 20. Bxb7 Qxb7 21.
Ne4 Re6 22. Ba3 Bf8 23. Bxf8 Kxf8 24. Ng5 Rc6 25. Nxh7+ Kg7 26. Ng5 Nc5 27. Qa3
Qb3 28. Qxb3 Nxb3 29. Rb1 Nc5 30. Ra1 f6 31. Ne4 Nxe4 32. dxe4 Rxc4 33. Rxa6
 1/2-1/2

[Event "14th 4NCL Congress"]
[Site "Wokefield"]
[Date "2017.07.16"]
[Round "5"]
[Board "18"]
[White "Herring, Sam Ac"]
[Black "Sagues, Vincent"]
[Result "1-0"]
[WhiteElo "1907"]
[BlackElo "1883"]
[PlyCount "103"]
[EventDate "2017.07.14"]
[EventRounds "5"]
[EventCountry "ENG"]

1. d4 d5 2. c4 c6 3. Nf3 Nf6 4. e3 Bf5 5. Nc3 e6 6. Nh4 Bg6 7. Be2 Nbd7 8. O-O
Bd6 9. g3 O-O 10. Nxg6 hxg6 11. Qb3 Qb6 12. Rd1 Qxb3 {(=)} 13. axb3 a6 14. f3
Rad8 15. e4 dxe4 16. fxe4 e5 17. d5 c5 18. Bg5 Rc8 19. Rf1 Rc7 20. Bf3 Nh7 21.
Bd2 f5 22. Bg2 f4 23. Ne2 g5 24. h4 fxg3 25. Nxg3 Rxf1+ 26. Rxf1 gxh4 27. Nf5
Bf8 28. Nxh4 Nhf6 29. Bc3 Rc8 30. Bh3 Bd6 31. Be6+ Kh7 32. Bf5+ g6 33. Bxg6+
Kh8 34. Bf5 Rg8+ 35. Kf2 Ng4+ 36. Ke2 Ndf6 37. Bxg4 Nxg4 38. Nf5 Rg6 39. Nxd6
Rxd6 40. Rf5 Kh7 41. Bxe5 Nxe5 42. Rxe5 Rb6 43. Rh5+ Kg6 44. Rh3 Kg5 45. Rf3
Rh6 46. e5 Rh2+ 47. Rf2 Rh4 48. Ke3 b5 49. e6 bxc4 50. e7 Rh3+ 51. Rf3 Rh8 52.
Rf8 1-0